000 01206nam0a2200313 4500
001 RU\NLR\bibl\1750826
005 20250616120553.0
010 _a978-5-86547-532-3
_91000
021 _aRU
_b2011-16777
_91185
035 _a(NLR Aleph) 001741686
090 _a1463366
_c1463366
100 _a20110325d2010 |||y0rusy50 ca
101 0 _arus
102 _aRU
105 _aa |||||||||
200 1 _aЛингвистика
_eучебное пособие по языку специальности
_fН.Н. Рогозная
210 _aСанкт-Петербург
_cЗлатоуст
_d2010
215 _a133 с.
_cил.
_d25
225 1 _aЧитаем тексты по специальности
_vвып. 1
320 _aБиблиогр.: с. 131 (6 назв.)
606 1 _aРусский язык
_jУчебные издания для иностранцев
_91533567
_3RU\NLR\auth\66969347
686 _aШ141.12-93
700 1 _4070
_aРогозная
_bН. Н.
_cд-р филол. наук
_gНина Николаевна
_9183328
_3RU\NLR\AUTH\770183379
801 0 _aRU
_bNLR
_c20110325
_gRCR
801 1 _aRU
_bNLR
_c20110325
942 _cBOOK
980 _aNB